[Event "Lueneburg op-B"]
[Site "Lueneburg"]
[Date "2017.07.09"]
[Round "2"]
[White "Merettig, Georg"]
[Black "Wallat, Stephan"]
[Result "0-1"]
[WhiteElo "1785"]
[BlackElo "1579"]
[PlyCount "104"]
[EventDate "2017.07.08"]
[EventType "swiss"]
[EventRounds "9"]
[EventCountry "GER"]
[SourceTitle "CBM 179 Extra"]
[Source "ChessBase"]
[SourceDate "2017.08.23"]
[SourceVersion "1"]
[SourceVersionDate "2017.08.23"]
[SourceQuality "1"]

1. Nc3 Nf6 2. f4 d5 3. e3 e6 4. Nce2 c5 5. Ng3 Be7 6. Nf3 a6 7. c3 Nc6 8. Ne5 Nxe5 9. fxe5 Nd7 10. d4 Nb6 11. Bd3 Bd7 12. 0-0 0-0 13. Qh5 h6 14. e4 Bg5 15. Bf4 Bb5 16. Rf3 Bxd3 17. Bxg5 Qxg5 18. Qxg5 hxg5 19. Rxd3 f6 20. exf6 gxf6 21. dxc5 Nd7 22. b4 Ne5 23. Rd4 dxe4 24. Nxe4 Rae8 25. Re1 Kg7 26. Nxg5 fxg5 27. Rxe5 Kf6 28. Re3 Rd8 29. Rf3+ Ke7 30. Rxf8 Rxf8 31. h4 gxh4 32. Rxh4 Rf7 33. Rd4 e5 34. Rd1 Ke6 35. Rf1 Re7 36. Kf2 Kd5 37. Ke3 Rg7 38. Kf3 e4+ 39. Kf2 Kc4 40. Re1 Rf7+ 41. Kg3 Kd3 42. c4 e3 43. b5 e2 44. bxa6 bxa6 45. Kh4 Rf1 46. Rxe2 Kxe2 47. g4 Rf4 48. Kg5 Rxc4 49. Kf6 Rxc5 50. g5 Rc8 51. g6 a5 52. g7 a4 0-1

[Event "Niedersachsen-ch op-C"]
[Site "Verden"]
[Date "2017.01.07"]
[Round "6"]
[White "Schramm, Christian1111"]
[Black "Wallat, Stephan"]
[Result "1/2-1/2"]
[WhiteElo "1437"]
[BlackElo "1618"]
[PlyCount "80"]
[EventDate "2017.01.05"]
[EventType "swiss"]
[EventRounds "7"]
[EventCountry "GER"]
[SourceTitle "CBM 187 Extra"]
[Source "ChessBase"]
[SourceDate "2018.11.04"]
[SourceVersion "1"]
[SourceVersionDate "2018.11.04"]
[SourceQuality "1"]

1. d4 Nf6 2. c4 g6 3. Nc3 d5 4. Bg5 e6 5. Nf3 Bg7 6. cxd5 exd5 7. Qc1 c6 8. Bh6 Bxh6 9. Qxh6 Ng4 10. Qf4 Qe7 11. a3 Nf6 12. Rc1 Nh5 13. Qd2 Nd7 14. g3 Nb6 15. e3 Bg4 16. Ne5 Be6 17. Bd3 Ng7 18. Qd1 Nf5 19. Na4 Nxa4 20. Qxa4 0-0 21. Qd1 f6 22. Nf3 Nd6 23. Nd2 Rac8 24. Be2 h5 25. Bd3 Kg7 26. h4 Bg4 27. Be2 Bf5 28. g4 hxg4 29. Bxg4 Bxg4 30. Qxg4 f5 31. Qf4 Rh8 32. Ke2 Rh5 33. Rh2 Rch8 34. Rch1 Ne4 35. Nf3 c5 36. Qe5+ Qxe5 37. dxe5 Kf7 38. Rg1 c4 39. Rhg2 Rg8 40. Rd1 Rd8 1/2-1/2

[Event "Niedersachsen-ch op-C"]
[Site "Verden"]
[Date "2017.01.06"]
[Round "3"]
[White "Sturm, Hubert"]
[Black "Wallat, Stephan"]
[Result "1-0"]
[WhiteElo "1678"]
[BlackElo "1618"]
[PlyCount "113"]
[EventDate "2017.01.05"]
[EventType "swiss"]
[EventRounds "7"]
[EventCountry "GER"]
[SourceTitle "CBM 187 Extra"]
[Source "ChessBase"]
[SourceDate "2018.11.04"]
[SourceVersion "1"]
[SourceVersionDate "2018.11.04"]
[SourceQuality "1"]

1. e4 d5 2. exd5 Qxd5 3. Nf3 Nf6 4. d4 Bf5 5. Be2 e6 6. 0-0 Be7 7. c4 Qd8 8. Nc3 Nbd7 9. h3 c6 10. Bd3 Bg6 11. Bf4 Nb6 12. Qe2 Bxd3 13. Qxd3 h6 14. Rad1 0-0 15. Qe2 Nh5 16. Be5 Nd7 17. Bh2 Nhf6 18. Rfe1 Re8 19. a3 Qa5 20. Ne5 Bxa3 21. Ra1 Qb6 22. Rxa3 a6 23. Nxd7 Nxd7 24. Ne4 Red8 25. c5 Qb4 26. Rd1 a5 27. Qd2 Qb5 28. Bc7 Rdc8 29. Nd6 Qb4 30. Nxc8 Rxc8 31. Bxa5 Qb5 32. Bc3 Rd8 33. Qc2 Qc4 34. Rda1 Nf6 35. Ra7 Nd5 36. Ra8 Rf8 37. Rxf8+ Kxf8 38. Qd2 g5 39. h4 Nf4 40. Re1 Qd5 41. f3 Qf5 42. Re5 Qb1+ 43. Qe1 Qc2 44. Qd2 Qb1+ 45. Kh2 Nd3 46. hxg5 Nxe5 47. dxe5 hxg5 48. Qxg5 Qh7+ 49. Kg3 Qd3 50. Qd2 Qg6+ 51. Kf2 Qh5 52. Qf4 Qh7 53. Bd2 Qc2 54. b4 Ke8 55. Qd4 Qh7 56. Bg5 Qc2+ 57. Qd2 1-0